| 000 | 01256nam a2200277 i 4500 | ||
|---|---|---|---|
| 001 | 154874 | ||
| 003 | ES-MaACL | ||
| 005 | 20251011063142.0 | ||
| 008 | 931025s1673 sp |||| | spa d | ||
| 040 |
_aPAB _bspa |
||
| 100 | 0 |
_aGuevara, Antonio de, _dca. 1480-1545 _960606 |
|
| 245 | 1 | 0 |
_aEpistolas familiares / _cde Don Antonio de Guevara, obispo de Mondoñedo, predicador y cronista ... ; primera y segunda parte ..., dirigido al Señor Don Francisco de Paniagua y Zuñiga. |
| 260 |
_aEn Madrid : _bpor Andres García de la Iglesia : _ba costa de Gabriel de Leon ..., _c1673. |
||
| 300 |
_a[12], 705 [i.e. 703] p. ; _c4º (20 cm) |
||
| 530 | _aDisponible en formato digital. | ||
| 594 | _aLa "Segunda parte de las Epistolas familiares..." comienza en p. 465, con port. propia. | ||
| 596 | _aMarca de ed. en port. | ||
| 597 | _aSign.: ¶6÷, A-Z8÷, 2A-2X8÷. | ||
| 597 | _aError de pag., de p. 695 pasa a la 698, sin faltar texto. | ||
| 597 | _aAntep. | ||
| 597 | _aTexto a dos col. | ||
| 650 | 4 |
_aLiteratura española- _yS.XVI-XVII. _9152334 |
|
| 852 |
_aES-MaACL _jR-1177 _z- Enc. hol. _x Olim: G-10475 |
||
| 856 |
_uhttp://biblioteca.galiciana.gal/es/consulta/registro.cmd?id=6210 _zGaliciana |
||
| 999 |
_c154874 _d154874 |
||